00893 2200181 4500001002100000005001500021008004100036020001600077035001900093041000800112082001100120084001700131100003200148245006900180260003300249300003200282520039700314INLIS00000000000843820200508204401200508||||||||| | ||| |||| ||ind|| a97996628402 0010-0520008438 aind0 a333.73 a333.73/PRI/P0 aYazid bin Abdul Qadir Jawas00aprinsip dasar Islam : Menurut Al-Qur'an dan As-Sunnah yang sahih aBogorbpustaka at-taqwac5.n axi , 262 hal,; 21 cmc21 cm asetiap muslim yakin sepenuhnya bahwa karunia allah yang terbesar di dunia ini adalah agama islam. maka wajib atas setiap muslim untuk bersyukur kepada allah atas nikmat-nya yang telah memberikan hidayah kepada islam. sebagai bukti syukur seorang muslim atas nikmat ini adalah dengan menjadi muslim yang ridha bahwa allah sebagai rabb-nya,islam sebagai agamanya dan rasulullah sebagai nabinya.